| 000 | 004700000a22001810004500 | ||
|---|---|---|---|
| 003 | MACL | ||
| 005 | 20160129155951.0 | ||
| 008 | 160129b xxu||||| |||| 00| 0 eng d | ||
| 040 |
_aMACL _cMACL |
||
| 041 | _aEnglish | ||
| 082 | _a823/SAH | ||
| 100 |
_aSahu, Dharanidhar _99092 |
||
| 245 |
_aSimple Things of Life _bA Novel |
||
| 260 |
_bAtlantic Publishers and Distributors _c2001 _aNew Delhi |
||
| 350 | _a495 | ||
| 650 |
_aFiction _935598 |
||
| 942 |
_cBK _k823/SAH _2ddc |
||
| 999 |
_c31557 _d31557 |
||